<?xml version="1.0" encoding="UTF-8"?>
<record
    xmlns:xsi="http://www.w3.org/2001/XMLSchema-instance"
    xsi:schemaLocation="http://www.loc.gov/MARC21/slim http://www.loc.gov/standards/marcxml/schema/MARC21slim.xsd"
    xmlns="http://www.loc.gov/MARC21/slim">

  <leader>01592nam a2200157 a 4500</leader>
  <controlfield tag="001">000037897</controlfield>
  <controlfield tag="005">20201002031131.0</controlfield>
  <controlfield tag="008">130308s2003    dr ac         000 0 spa d</controlfield>
  <datafield tag="040" ind1=" " ind2=" ">
    <subfield code="a">DO-SdBNP</subfield>
    <subfield code="b">spa</subfield>
    <subfield code="c">BNPHU</subfield>
  </datafield>
  <datafield tag="245" ind1="0" ind2="0">
    <subfield code="a">Manual b&#xE1;sico de capacitaci&#xF3;n policial.</subfield>
  </datafield>
  <datafield tag="260" ind1=" " ind2=" ">
    <subfield code="a">Santo Domingo :</subfield>
    <subfield code="b">Escuela de Entrenamiento Pilicial,</subfield>
    <subfield code="c">2003.</subfield>
  </datafield>
  <datafield tag="300" ind1=" " ind2=" ">
    <subfield code="a">535 p. :</subfield>
    <subfield code="b">il., retrs. ;</subfield>
    <subfield code="c">28 cm.</subfield>
  </datafield>
  <datafield tag="504" ind1=" " ind2=" ">
    <subfield code="a">Bibliograf&#xED;a : 534-535</subfield>
  </datafield>
  <datafield tag="505" ind1="2" ind2=" ">
    <subfield code="t">Cortesia y diciplina--</subfield>
    <subfield code="t">Orden cerrado, manual de armas y macana --</subfield>
    <subfield code="t">Guarda interior --</subfield>
    <subfield code="t">Primeros auxilios --</subfield>
    <subfield code="t">Gram&#xE1;tica castellana --</subfield>
    <subfield code="t">Derecho procesal penal --</subfield>
    <subfield code="t">Investigaci&#xF3;n criminal --</subfield>
    <subfield code="t">Relaciones p&#xFA;blicas --</subfield>
    <subfield code="t">Introducci&#xF3;n a la inform&#xE1;tica --</subfield>
    <subfield code="t">Registro, arresto y allanamiento --</subfield>
    <subfield code="t">Patrulla y vigilancia --</subfield>
    <subfield code="t">Protecci&#xF3;n de investigaciones vitales --</subfield>
    <subfield code="t">Inspecciones en la Policia Nacional --</subfield>
    <subfield code="t">Control de motines y disturbios civiles --</subfield>
    <subfield code="t">Principios de urbanidad policial, etiqueta y protocolo --</subfield>
    <subfield code="t">Drogas y narc&#xF3;ticos --</subfield>
    <subfield code="t">Escopeta Mosberg calibre 12 --</subfield>
    <subfield code="t">Agentes qu&#xED;micos y escopeta lanza gas --</subfield>
    <subfield code="t">Fusil Mauser --</subfield>
    <subfield code="t">Rev&#xF3;lver Smith and Wsson calibre 0.38 --</subfield>
    <subfield code="t">Pistola Browning calibre 9mm --</subfield>
    <subfield code="t">Historia dominicana --</subfield>
    <subfield code="t">Geograf&#xED;a de la Rep&#xFA;blica Dominicana --</subfield>
    <subfield code="t">Policia Tur&#xED;stica (POLITUR) --</subfield>
    <subfield code="t">Moral y c&#xED;vica</subfield>
    <subfield code="t">Oratoria --</subfield>
    <subfield code="t">Dignidad y derechos humanos --</subfield>
    <subfield code="t">Policia comunitaio --</subfield>
    <subfield code="t">Redacci&#xF3;n de informes --</subfield>
    <subfield code="t">Ley Organica --</subfield>
    <subfield code="t">C&#xF3;digo de Jusitica policial --</subfield>
    <subfield code="t">Ley no. 241 sobre tr&#xE1;nsito terrestre --</subfield>
    <subfield code="t">Psicolog&#xED;a policial ampliada --</subfield>
    <subfield code="t">&#xC9;tica policial --</subfield>
    <subfield code="t">Bibliograf&#xED;a.</subfield>
  </datafield>
  <datafield tag="710" ind1="2" ind2=" ">
    <subfield code="a">Escuela de Entrenamiento Policial de Hatillo (Rep&#xFA;blica Dominicana)</subfield>
    <subfield code="9">64343</subfield>
  </datafield>
  <datafield tag="952" ind1=" " ind2=" ">
    <subfield code="0">0</subfield>
    <subfield code="1">0</subfield>
    <subfield code="7">-1</subfield>
    <subfield code="8">PD</subfield>
    <subfield code="a">PD</subfield>
    <subfield code="b">PD</subfield>
    <subfield code="c">OI</subfield>
    <subfield code="d">2013-03-08</subfield>
    <subfield code="i">LF1</subfield>
    <subfield code="l">0</subfield>
    <subfield code="o"> </subfield>
    <subfield code="p">37897-10</subfield>
    <subfield code="r">2020-06-25</subfield>
    <subfield code="w">2020-06-25</subfield>
    <subfield code="y">LFPD</subfield>
    <subfield code="Z">No se presta</subfield>
  </datafield>
  <datafield tag="999" ind1=" " ind2=" ">
    <subfield code="c">37387</subfield>
    <subfield code="d">37387</subfield>
  </datafield>
</record>
